La balada de Leonard Cohen : (Registro nro. 25486)
[ vista simple ]
| 000 -LEADER | |
|---|---|
| fixed length control field | 01376cam a2200349 i 4500 |
| 001 - CONTROL NUMBER | |
| control field | 25486 |
| 003 - CONTROL NUMBER IDENTIFIER | |
| control field | Mx-PuUPA |
| 005 - DATE AND TIME OF LATEST TRANSACTION | |
| control field | 20240410103738.0 |
| 008 - FIXED-LENGTH DATA ELEMENTS--GENERAL INFORMATION | |
| fixed length control field | 140415s2018 mx gr 001 0 spa d |
| 020 ## - INTERNATIONAL STANDARD BOOK NUMBER | |
| International Standard Book Number | 9786078460311 |
| 040 ## - CATALOGING SOURCE | |
| Original cataloging agency | Mx-PuUPA |
| Language of cataloging | spa |
| Transcribing agency | Mx-PuUPA |
| Modifying agency | Mx-PuUPA |
| Description conventions | rda |
| 041 0# - LANGUAGE CODE | |
| Language code of text/sound track or separate title | spa |
| 100 1# - MAIN ENTRY--PERSONAL NAME | |
| Personal name | Rasky, Harry, |
| Dates associated with a name | 1928- |
| Relator term | autor |
| 240 14 - UNIFORM TITLE | |
| Uniform title | The song of Leonard Cohen. |
| Language of a work | Español |
| 245 13 - TITLE STATEMENT | |
| Title | La balada de Leonard Cohen : |
| Remainder of title | retrato de un poeta, una amistad y una película / |
| Statement of responsibility, etc. | Harry Rasky ; traducción de Fanny del Río |
| 250 ## - EDITION STATEMENT | |
| Edition statement | Primera edición |
| 264 #4 - PRODUCTION, PUBLICATION, DISTRIBUTION, MANUFACTURE, AND COPYRIGHT NOTICE | |
| Place of production, publication, distribution, manufacture | Ciudad de México : |
| Name of producer, publisher, distributor, manufacturer | Trilce Ediciones, |
| Date of production, publication, distribution, manufacture, or copyright notice | 2018 |
| 300 ## - PHYSICAL DESCRIPTION | |
| Extent | 188 páginas : |
| Other physical details | ilustraciones ; |
| Dimensions | 23 cm |
| 336 ## - CONTENT TYPE | |
| Content type term | texto |
| Fuente | rdacontent |
| Content type code | txt |
| 337 ## - MEDIA TYPE | |
| Media type term | sin medio |
| Source | rdamedia |
| Media type code | n |
| 338 ## - CARRIER TYPE | |
| Carrier type term | volumen |
| Source | rdacarrier |
| Carrier type code | nc |
| 600 14 - SUBJECT ADDED ENTRY--PERSONAL NAME | |
| Personal name | Cohen, Leonard, |
| Dates associated with a name | 1934 - 2016 |
| 650 #4 - SUBJECT ADDED ENTRY--TOPICAL TERM | |
| Topical term or geographic name entry element | Compositores |
| Geographic subdivision | Canadá |
| Form subdivision | Biografía |
| 650 #4 - SUBJECT ADDED ENTRY--TOPICAL TERM | |
| Topical term or geographic name entry element | Cantantes |
| Geographic subdivision | Canadá |
| Form subdivision | Biografía |
| 650 #4 - SUBJECT ADDED ENTRY--TOPICAL TERM | |
| Topical term or geographic name entry element | Poetas canadienses |
| Form subdivision | Biografía |
| 700 1# - ADDED ENTRY--PERSONAL NAME | |
| Personal name | Río, Fanny del, |
| Relator term | traductor |
| 765 18 - ORIGINAL LANGUAGE ENTRY | |
| Main entry heading | Rasky, Harry, |
| Edition | Primera edición |
| Place, publisher, and date of publication | Canada : Mosaic Press, 2001 |
| Title | The song of Leonard Cohen : portrait of a poet, a friendship & film. |
| 942 ## - ADDED ENTRY ELEMENTS (KOHA) | |
| Source of classification or shelving scheme | Dewey Decimal Classification |
| Koha item type | Libro |
| Classification part | 782.42164092 |
| Item part | C678 |
| Withdrawn status | Lost status | Source of classification or shelving scheme | Damaged status | Not for loan | Collection code | Home library | Current library | Shelving location | Date acquired | Source of acquisition | Total Checkouts | Full call number | Barcode | Date last seen | Price effective from | Koha item type |
|---|---|---|---|---|---|---|---|---|---|---|---|---|---|---|---|---|
| Dewey Decimal Classification | General | Biblioteca Karol Wojtyla | Biblioteca Karol Wojtyla | Sala general | 03/12/2013 | Compra | 782.42164092 C678 2018 | 47434 | 05/01/2026 | 03/12/2013 | Libro |